Statistiques concernant Pays les plus proches de la Jordanie par 2 premières lettres

Cliquez ici pour prendre le quiz!

Statistiques générales

  • Ce quiz a été pris 93 fois
  • Le résultat moyen est 14 sur 21

Statistiques - réponses

kmpays% Correct
0Irak
95%
601Iran
95%
0Arabie
Saoudite
93%
887Arménie
93%
0Israël
91%
45Liban
90%
971Libye
90%
342Turquie
90%
7Égypte
86%
0Syrie
74%
776Koweït
64%
291Chypre
60%
0Palestine
59%
868Azerbaïdjan
56%
673Grèce
53%
937Géorgie
42%
1269Bahreïn
41%
802Soudan
37%
1122Russie
36%
1233Bulgarie
25%
1269Érythrée
23%

Distribution des résultats

Percentile par nombre de réponses

% des personnes avec chaque résultat

Votre développement - résultats

Vous n’avez pas pris ce quiz